<?xml version="1.0" encoding="UTF-8"?>
<record
    xmlns:xsi="http://www.w3.org/2001/XMLSchema-instance"
    xsi:schemaLocation="http://www.loc.gov/MARC21/slim http://www.loc.gov/standards/marcxml/schema/MARC21slim.xsd"
    xmlns="http://www.loc.gov/MARC21/slim">

  <leader>00660nam a2200181Ia 4500</leader>
  <controlfield tag="008">090630s9999    xx            000 0 und d</controlfield>
  <datafield tag="082" ind1=" " ind2=" ">
    <subfield code="b">19959</subfield>
  </datafield>
  <datafield tag="100" ind1=" " ind2=" ">
    <subfield code="a">&#x922;&#x93E;&#x915;&#x941;&#x932;&#x915;&#x930; &#x928;&#x93E;&#x928;&#x93E;.</subfield>
  </datafield>
  <datafield tag="245" ind1=" " ind2=" ">
    <subfield code="a">&#x91C;&#x94D;&#x92F;&#x94B;&#x924;&#x940; &#x915;&#x933;&#x938; &#x91D;&#x933;&#x915;&#x947;.</subfield>
    <subfield code="c">&#x922;&#x93E;&#x915;&#x941;&#x932;&#x915;&#x930; &#x928;&#x93E;&#x928;&#x93E;.</subfield>
  </datafield>
  <datafield tag="260" ind1=" " ind2=" ">
    <subfield code="b">&#x905;&#x915;&#x94D;&#x937;&#x92F; &#x938;&#x93E;&#x939;&#x93F;&#x924;&#x94D;&#x92F; - &#x92A;&#x941;&#x923;&#x947;.</subfield>
    <subfield code="c">2001</subfield>
  </datafield>
  <datafield tag="300" ind1=" " ind2=" ">
    <subfield code="a">28</subfield>
  </datafield>
  <datafield tag="600" ind1=" " ind2=" ">
    <subfield code="a">&#x922;&#x93E;&#x915;&#x941;&#x932;&#x915;&#x930; &#x928;&#x93E;&#x928;&#x93E;.</subfield>
  </datafield>
  <datafield tag="630" ind1=" " ind2=" ">
    <subfield code="a">&#x91C;&#x94D;&#x92F;&#x94B;&#x924;&#x940; &#x915;&#x933;&#x938; &#x91D;&#x933;&#x915;&#x947;.</subfield>
  </datafield>
  <datafield tag="655" ind1=" " ind2=" ">
    <subfield code="a">&#x92C;&#x93E;&#x932;&#x935;&#x93E;&#x919;&#x92E;&#x92F;.</subfield>
  </datafield>
  <datafield tag="700" ind1=" " ind2=" ">
    <subfield code="a">&#x922;&#x93E;&#x915;&#x941;&#x932;&#x915;&#x930; &#x928;&#x93E;&#x928;&#x93E;.</subfield>
  </datafield>
  <datafield tag="730" ind1=" " ind2=" ">
    <subfield code="a">&#x91C;&#x94D;&#x92F;&#x94B;&#x924;&#x940; &#x915;&#x933;&#x938; &#x91D;&#x933;&#x915;&#x947;.</subfield>
  </datafield>
  <datafield tag="942" ind1=" " ind2=" ">
    <subfield code="c">BOOK</subfield>
  </datafield>
  <datafield tag="999" ind1=" " ind2=" ">
    <subfield code="c">271815</subfield>
    <subfield code="d">271815</subfield>
  </datafield>
  <datafield tag="952" ind1=" " ind2=" ">
    <subfield code="0">0</subfield>
    <subfield code="1">0</subfield>
    <subfield code="4">0</subfield>
    <subfield code="7">0</subfield>
    <subfield code="a">SAWASHRI</subfield>
    <subfield code="b">SAWASHRI</subfield>
    <subfield code="d">2004-02-08</subfield>
    <subfield code="g">20.00</subfield>
    <subfield code="l">0</subfield>
    <subfield code="o">19959</subfield>
    <subfield code="p">SAWASHRI-19959</subfield>
    <subfield code="r">2009-06-30 00:00:00</subfield>
    <subfield code="v">20.00</subfield>
    <subfield code="w">2009-06-30</subfield>
    <subfield code="y">BOOK</subfield>
  </datafield>
</record>
